01020cam a2200277 a 4500001000500000005001700005020002700022020001700049040002300066050002300089082000800112100004200120245008800162260004200250300004200292490003500334505000800369520018100377521002000558521002000578650002000598650003500618650002200653650003500675700003200710141620231204084219.0 a0807554111 (hardcover) a792836003958 aDLCcDLCdDLCbeng00aPZ7.W244bMvp 199500a8131 aWarner, Gertrude Chandlerd1890-1979.10aMystery in the cave /c by Gertrude Chandler Warner ; illustrated by Charles Tang. bAlbert Whitman,c1995aMorton Grove : a121 pages : billustrations ;c20 cm  aThe boxcar children vBook 50  aO  aWhile exploring the caves around Dragon's Mouth Cavern, a series of unusual and somewhat frightening events convinces the Alden children that someone does not want them around. a600 bLexile  aO bRaz-Plus  1aCavesxFiction. 1aBrothers and sistersxFiction. 1aOrphansxFiction. 1aMystery and detective stories.1 aTang, Charleseillustrator